000 00582nam a2200205 a 4500
001 BRCA_5912
005 20190320205248.0
008 180311s1912----gw-a######---#000-0#ger-#
041 _ager
044 _agw
050 4 _aPT2635 O24
_b.F85
_c1912
245 1 0 _a500 Schwaenke
_bUmschlag von Albert Weisgerber. Karikatur von Trier / Roda Roda.
260 _aBerlin
_bSchuster and Loeffer
_c1912
300 _a260 p.
_bil., 8
_c17 cm.
500 _aEdición con cantos rojos.
500 _aH150
650 1 4 _aLiteratura Alemana
_pCaricatura.
_96160
902 _aGFM
942 _2lcc
_cB
999 _c5601
_d5601